The greatest man in history is muammad peace be upon him (Record no. 576771)

000 -LEADER
fixed length control field 00414nam a22001337a 4500
020 ## - INTERNATIONAL STANDARD BOOK NUMBER
International Standard Book Number 9789699837043
082 ## - DEWEY DECIMAL CLASSIFICATION NUMBER
Classification number 297.63 AFR
100 ## - MAIN ENTRY--PERSONAL NAME
Personal name Afrasiab
9 (RLIN) 9224
245 ## - TITLE STATEMENT
Title The greatest man in history is muammad peace be upon him
260 ## - PUBLICATION, DISTRIBUTION, ETC.
Place of publication, distribution, etc. Islamabad
Name of publisher, distributor, etc. The Army Publishing House, Islamabad
Date of publication, distribution, etc. 2018
300 ## - PHYSICAL DESCRIPTION
Extent vii,641 P
650 ## - SUBJECT ADDED ENTRY--TOPICAL TERM
Topical term or geographic name entry element The Greatest Man In History Is MUHAMMAD Peace be upon him
9 (RLIN) 69530
942 ## - ADDED ENTRY ELEMENTS (KOHA)
Koha item type Book
Holdings
Withdrawn status Lost status Damaged status Not for loan Collection code Permanent Location Current Location Shelving location Date acquired Total Checkouts Full call number Barcode Date last seen Price effective from Koha item type
          College of Electrical & Mechanical Engineering (CEME) College of Electrical & Mechanical Engineering (CEME) General Stacks 09/02/2019   297.63 AFR CEME-49541 06/28/2021 06/28/2021 Book
          College of Electrical & Mechanical Engineering (CEME) College of Electrical & Mechanical Engineering (CEME) General Stacks 09/02/2019   297.63 AFR CEME-49540 06/28/2021 06/28/2021 Book
© 2023 Central Library, National University of Sciences and Technology. All Rights Reserved.